Statistics for Name the Female K-Pop Stars by Picture

Click here to take the quiz!

General Stats

  • This quiz has been taken 87 times
  • The average score is 6 of 8

Answer Stats

Answer% Correct
Jennie
96%
Lisa
96%
Rosé
91%
Sana
77%
Irene
72%
Yuqi
67%
Chaeyoung
66%
Miyeon
49%

Score Distribution

Percentile by Number Answered

Percent of People with Each Score

Your Score History

You have not taken this quiz